Statistics for Emotions

Click here to take the quiz!

General Stats

  • This quiz has been taken 1,031 times
  • The average score is 19 of 42

Answer Stats

StatementEmotion% Correct
My life's going well!happiness
98%
My life's going poorly!sadness
96%
I want to fight you!anger
91%
Things may get better!hope
75%
Ouch, this feels bad!suffering
72%
I didn't expect that!surprise
68%
That's gross!disgust
66%
All my needs are met!satisfaction
65%
I've done wrong!shame
64%
Things may get worse!anxiety
63%
I want to run away!fear
63%
This is worthwhile!enthusiasm
62%
I wish I had company!loneliness
58%
I feel bad for you!pity
56%
I want me to have it, not you!envy
55%
Life'll never get better!despair
53%
I wish that noise would stop!annoyance
51%
I'm making a fool of myself!embarrassment
50%
I've succeeded!pride
50%
You have helped me!gratitude
47%
This is a waste of time.boredom
46%
I want to see you suffer!hatred
46%
I want the best for you!love
44%
I can't wait!impatience
43%
Life just got better!joy
42%
Oh, this feels good!pleasure
42%
I didn't get what I wanted!disappointment
39%
Those were the good old days!nostalgia
39%
I had a lucky escape!relief
33%
That's fun!amusement
31%
I've lost something irreplaceable!grief
22%
That looks good!attraction
21%
You won't let me down!trust
21%
My efforts keep failing!frustration
19%
Okay, I give up!resignation
19%
You deserve to suffer!vengefulness
17%
Nothing demands my attention.calmness
13%
Here, let me help you!generosity
13%
I won't give up for anything!courage
12%
That looks awful!aversion
9%
You are nothing to me!contempt
9%
You have wronged me!resentment
6%

Score Distribution

Percentile by Number Answered

Percent of People with Each Score

Your Score History

You have not taken this quiz